Standing tall (Record no. 75983)
[ view plain ]
| 000 -LEADER | |
|---|---|
| fixed length control field | 01211cab a2200205 4500 |
| 001 - CONTROL NUMBER | |
| control field | ##L131203 |
| 008 - FIXED-LENGTH DATA ELEMENTS--GENERAL INFORMATION | |
| fixed length control field | 051006n2005 000 0 eng u |
| 035 ## - SYSTEM CONTROL NUMBER | |
| System control number | (Sirsi) u131203 |
| 041 0# - LANGUAGE CODE | |
| Language code of text/sound track or separate title | eng |
| 245 00 - TITLE STATEMENT | |
| Title | Standing tall |
| 260 ## - PUBLICATION, DISTRIBUTION, ETC. | |
| Date of publication, distribution, etc. | 2005 |
| 490 #0 - SERIES STATEMENT | |
| Series statement | Fire Engineers Journal and Fire Protection |
| Volume/sequential designation | 65(260) September 2005, 13-16(3) |
| 520 ## - SUMMARY, ETC. | |
| Summary, etc. | Reports that the National Institute of Standards and Technology (NIST) has made 30 recommendations on improving the safety of tall buildings following the September 11 attacks. Detailed recommendations are discussed under the headings of increasing structural integrity, enhancing the fire resistance of structures, developing new methods for fire-resistance design of structures, implementing active fire-protection systems, improving building evacuation, emergency response, and practices and procedures, and providing better education and training for fire safety professionals. |
| 590 ## - LOCAL NOTE (RLIN) | |
| Local note | IKA111005 |
| 650 24 - SUBJECT ADDED ENTRY--TOPICAL TERM | |
| Topical term or geographic name entry element | FINAL REPORT OF THE NATIONAL CONSTRUCTION SAFETY TEAM ON THE COLLAPSE OF THE WORLD TRADE CENTER TOWERS |
| 650 24 - SUBJECT ADDED ENTRY--TOPICAL TERM | |
| Topical term or geographic name entry element | SEPTEMBER 11 ATTACKS |
| 651 #4 - SUBJECT ADDED ENTRY--GEOGRAPHIC NAME | |
| Geographic name | UNITED STATES |
| 690 ## - LOCAL SUBJECT ADDED ENTRY--TOPICAL TERM (OCLC, RLIN) | |
| Topical term or geographic name as entry element | MANAGEMENT-HEALTH AND SAFETY-FIRE SAFETY |
| 942 ## - ADDED ENTRY ELEMENTS (KOHA) | |
| Suppress in OPAC | 0 |
| Withdrawn status | Lost status | Source of classification or shelving scheme | Damaged status | Not for loan | Home library | Current library | Shelving location | Date acquired | Total Checkouts | Full call number | Barcode | Date last seen | Copy number | Price effective from | Koha item type |
|---|---|---|---|---|---|---|---|---|---|---|---|---|---|---|---|
| Dewey Decimal Classification | London | London | Journal article | 06/10/2005 | L131203 | 131203-1001 | 06/08/2019 | 1 | 06/08/2019 | Journal article |